LEADER 01520nam 2200457 450 001 996464490003316 005 20220819140325.0 010 $a981-16-6242-8 035 $a(MiAaPQ)EBC6810869 035 $a(Au-PeEL)EBL6810869 035 $a(CKB)19919635300041 035 $a(OCoLC)1287129532 035 $a(PPN)258845074 035 $a(EXLCZ)9919919635300041 100 $a20220819d2021 uy 0 101 0 $aeng 135 $aurcnu|||||||| 181 $ctxt$2rdacontent 182 $cc$2rdamedia 183 $acr$2rdacarrier 200 10$aVisual object tracking from correlation filter to deep learning /$fWeiwei Xing [and six others] 210 1$aGateway East, Singapore :$cSpringer,$d[2021] 210 4$dİ2021 215 $a1 online resource (202 pages) 311 08$aPrint version: Xing, Weiwei Visual Object Tracking from Correlation Filter to Deep Learning Singapore : Springer Singapore Pte. Limited,c2021 9789811662416 320 $aIncludes bibliographical references. 606 $aComputer vision 606 $aMachine learning 606 $aImage processing$xDigital techniques 615 0$aComputer vision. 615 0$aMachine learning. 615 0$aImage processing$xDigital techniques. 676 $a006.37 700 $aXing$b Weiwei$01067424 801 0$bMiAaPQ 801 1$bMiAaPQ 801 2$bMiAaPQ 906 $aBOOK 912 $a996464490003316 996 $aVisual object tracking from correlation filter to deep learning$92905557 997 $aUNISA